Visión de Cuba /

Shranjeno v:
Bibliografske podrobnosti
Glavni avtor: Salazar Gutiérrez, Alberto
Drugi avtorji: Pérez Galdos, Victor
Format: Texto
Izdano: La Habana: Editora Política
Oznake: Označite
Brez oznak, prvi označite!

MARC

LEADER 00000 a a2200000 04500
001 25364
003
040
090 |a 181400  
100 |a Salazar Gutiérrez, Alberto  
245 |a Visión de Cuba /  |c Alberto Salazar Gutiérrez 
260 |a La Habana:   |b Editora Política  
300 |a 137 p.  
700 |a Pérez Galdos, Victor  
999 |c 16361  |d 16361